000 00400 a2200121 4500
001 ART_9973
005 20260410161839.0
008 260409a
245 1 0 _aEl análisis C.V.U. en la selección de cursos de acción
100 1 _aYardin, Amaro Ramón
700 1 _aRodríguez Jauregui, Hugo A.
773 0 _tContabilidad y administración
_g- Año 7, Nº 75 (set. 1983)
_wREV5485
999 _c23923
_d23923